| 000 | 00375nam a2200145Ia 4500 | ||
|---|---|---|---|
| 008 | 230917s9999||||xx |||||||||||||| ||und|| | ||
| 040 |
_e160424 _aMAIN |
||
| 041 | _aEnglish | ||
| 082 | _a338.4791 B869E | ||
| 100 | _aBukhari, A Z | ||
| 245 | 0 | _aEncyclopaedia of geography of tourism. 3V | |
| 260 |
_aNew Delhi _bAnmol Publications _c2005 |
||
| 300 | _a318 p. | ||
| 942 | _cBK | ||
| 999 |
_c143490 _d143490 |
||